[Event "GER-ch U10"]
[Site "Willingen"]
[Date "2024.05.19"]
[Round "1"]
[White "Dutta, Nikhil"]
[Black "Shivkumar, Shreyas"]
[Result "0-1"]
[WhiteElo "1283"]
[BlackElo "1726"]
[PlyCount "62"]
[EventDate "2024.05.19"]
[EventType "swiss"]
[EventRounds "11"]
[EventCountry "GER"]
[SourceTitle "CBM 220 Extra"]
[Source "ChessBase"]
[SourceDate "2024.07.31"]
[SourceVersion "1"]
[SourceVersionDate "2024.07.31"]
[SourceQuality "1"]

1. e4 c5 2. Nf3 Nc6 3. d4 cxd4 4. Nxd4 g6 5. Nc3 Bg7 6. Be3 Nf6 7. f3 Qb6 8. Nxc6 Qxc6 9. Qd2 0-0 10. 0-0-0 a6 11. Bh6 b5 12. a3 Rb8 13. Na2 Qe6 14. b3 Qe5 15. c3 Bxh6 16. Qxh6 d5 17. exd5 Nxd5 18. Qd2 Be6 19. Qe1 Qg7 20. Kb2 b4 21. axb4 Nxb4 22. Nc1 a5 23. Bd3 a4 24. Bc2 a3+ 25. Kb1 a2+ 26. Nxa2 Nxc2 27. Kxc2 Bxb3+ 28. Kc1 Bxa2 29. Kd2 Rb2+ 30. Ke3 Qe5+ 31. Kd3 Rd8# 0-1